[Event "American Continental 2nd"]
[Site "Buenos Aires"]
[Date "2003.08.21"]
[Round "4"]
[White "Charbonneau, Pascal"]
[Black "Gulko, Boris F"]
[Result "0-1"]
[WhiteElo "2442"]
[BlackElo "2583"]
[Annotator "Gofshtein,L"]
[PlyCount "60"]
[EventDate "2003.08.17"]
[EventType "swiss"]
[EventRounds "11"]
[EventCountry "ARG"]
[SourceTitle "CBM 097"]
[Source "ChessBase"]
[SourceDate "2003.11.11"]
[SourceVersion "1"]
[SourceVersionDate "2003.11.11"]
[SourceQuality "1"]

1. e4 c5 2. Nf3 Nc6 3. d4 cxd4 4. Nxd4 Nf6 5. Nc3 d6 6. Bg5 e6 7. Qd2 Be7 8.
O-O-O O-O 9. Nb3 Qb6 10. f3 Rd8 11. Kb1 {Other moves are worth of attention,
especially 11.Nb5} (11. Be3 Qc7 12. Qf2 d5 (12... Nd7 $5 13. h4 a6 14. h5 (14.
Bg5 $5) (14. Kb1 $5) 14... b5 15. g4 Nce5 $1 16. Rg1 b4 17. Na4 Rb8 18. f4 Nc4
19. Ba7 Ra8 20. Bd4 {Adams,M-Conquest,S/London/1990/1:0 (37) Inf 50/222/} e5 $1
$15) 13. exd5 Nxd5 14. Nxd5 Rxd5 15. Rxd5 exd5 16. g4 (16. g3 $2 Bf5 17. Bf4
Qd8 18. Bb5 Nb4 19. c3 Bd3 20. cxb4 Rc8+ $19 {Petrushin,A-Brodskij,M Sochi
1993 0-1 27}) 16... Be6 17. Kb1 Bf6 $1) (11. Nb5 $5 Rd7 12. Be3 Qd8 13. N5d4 a5
$132) 11... Qc7 {Black prepares a standart advance on the queen side and a
strike in the centre by d5} (11... a6 12. Be3 Qc7 13. Qf2 Nd7 14. g4 b5 15. g5
Rb8 16. h4 Nb6 17. g6 $5 Na4 (17... fxg6 18. h5 gxh5 19. Rxh5 Na4 $13) 18.
gxf7+ Kxf7 19. Ne2 Bf6 20. Ned4 $14 {Timman,J-Salov,V/Linares/1991/0,5 (71)
Inf 51/194/}) 12. Bd3 {A natural developing move. 12.h4, 12.Bf4 was also met
in practice, and as the games showed, black has counter-chances in both cases.}
(12. h4 d5 (12... a6 $5 13. Qf2 b5 14. Be3 Rb8 15. g4 Ne5 16. g5 Nfd7 17. h5 b4
18. Ne2 a5 19. g6 a4 20. Nbd4 Nc5 21. gxf7+ Kxf7 22. Nf4 Bf6 $132 {0-1
Ivanchuk,V-Kramnik,V/Monte Carlo 1994/CBM 40 ext (43)}) 13. exd5 (13. Bxf6 $5
dxe4 (13... Bxf6 14. exd5 Bxc3 15. d6 Qb8 16. Qxc3 Rxd6 17. Bb5 $14) 14. Nb5
Rxd2 15. Rxd2 Qb6 16. Bxe7 Nxe7 17. c4 $16 {Cunningham,R-Fishbein,A
Philadelphia World op (1) 1992 1-0 27}) 13... Nxd5 14. Bd3 Ndb4 15. Nb5 Qe5 16.
f4 Qxb5 17. Bxb5 Rxd2 18. Bxe7 (18. Rxd2 f6) 18... Rd5 19. Bc5 h6 20. Be2 $14 {
1/2-1/2 Ivanchuk,V-Anand,V/Monte Carlo 1994/CBM 40 ext (54)}) (12. Bxf6 $5 $146
Bxf6 13. g4 g6 $6 {0-1 Benjamin,J-Anand,V/Groningen 1993/CBM 39/[Chekhov] (41)}
(13... a6 $5 $132) (13... Ne5 $5 {Boensch})) (12. Qf2 $2 Ng4 $15) (12. Nb5 Qb8
13. Bf4 e5 14. Bg5 Be6 $10) (12. Bf4 a6 13. g4 b5 (13... Ne5 14. g5 Nfd7 15.
Qg2 b5 16. h4 (16. Bc1 Bb7 17. f4 b4 18. Ne2 Nc4 19. Ng3 d5 20. Qe2 Ndb6 21.
exd5 $17 {Illescas Cordoba,M-Kramnik,V (3) Alcobendas m 1993 -CBM 39}) 16... b4
17. Ne2 a5 18. h5 Nf8 19. Bc1 Bb7 20. f4 Ned7 21. Ng3 d5 $1 $132 {Nunn,
J-Gschnitzer,O/BRD/1990/1:0 (36) Inf 50/221/}) 14. g5 Nh5 15. Be3 Ne5 16. f4
Nc4 17. Bxc4 Qxc4 18. Bb6 b4 $1 19. Ne2 Re8 $13 {Svidler,P-Fishbein,A/Oakham/
1990/0,5 (49) Inf 50/220/}) 12... a6 13. h4 {Other moves also allow black a
fine counterplay} (13. Be3 b5 14. Qf2 Nd7 (14... Rb8 15. g4 Ne5 16. g5 Nfd7 17.
h4 b4 18. Ne2 a5 $132 {0-1 Forster,R-Pelletier,Y/SUI 1995/EXT 2000 (33)}) 15.
f4 Rb8 16. g4 Nb6 17. g5 b4 $132 {0-1 Gallagher,J-Pelletier,Y/Biel 1994/CBM 43
(44)}) 13... b5 {Black continues with the standart plan of advancing the pawns
on the queen side} 14. Qf2 {Deserved attention 14.h5 with the idea to weaken
the position of black's king by 15.h6} (14. Be3 b4 15. Na4 Rb8 16. Qf2 Nd7) (
14. h5 $5 b4 15. Na4 d5 (15... Rb8 16. h6 g6) 16. exd5 Nxd5 17. Bxe7 Qxe7 18.
h6 g6 19. Qf2) 14... b4 15. Ne2 {In case of 15.Na4 black got a good
counterplay by:} (15. Na4 Rb8 16. Be3 Nd7 17. f4 (17. h5 Nce5 $36) 17... Na5
$132) 15... Ne5 16. f4 Nxd3 17. cxd3 a5 $5 {[%cal Rc8a6,Ra6d3] Black continues
the advance og the pawns and also prepare a square on a6 for the bishop.} 18.
Rc1 Qd7 19. Qf3 {Covering the pawn on d3 and also preparing g4} Bb7 20. Nd2 {
White transfers the knight to a better square} Rac8 21. Bxf6 {White's attack
has reached a blind alley, so he tries to hold his position with exchanges.} (
21. Nc4 $2 d5 $1 22. Nb6 dxe4 $19) (21. g4 $6 d5 22. e5 d4 $36) 21... Bxf6 22.
g4 Rxc1+ 23. Rxc1 Rc8 24. Rxc8+ Qxc8 25. g5 Bd8 {The two bishops and the
doubtful position of white's king give black a serious edge.} 26. Qe3 (26. Nc1
a4 (26... d5 27. h5 a4 28. g6 a3 29. bxa3 Qc3 30. Qd1 $15) 27. Qd1 a3 28. Qc2
Qd7 $15) 26... Ba6 27. b3 (27. h5 Bb6 28. Qf3 Qc5 $36) 27... Bb6 $36 28. Qxb6
$2 {Of course, 28.Qf3 was more stubborn. Now black gets a decisive advantage} (
28. Qf3 $5 d5 29. exd5 Bb7 30. Nc4 Bc5 31. Ne3) 28... Bxd3+ 29. Ka1 Bxe2 $19
30. Nc4 d5 0-1

[Event "EU-ch 1st"]
[Site "Saint Vincent"]
[Date "2000.07.08"]
[Round "6"]
[White "Smirin, Ilia"]
[Black "Gershon, Alik"]
[Result "1-0"]
[WhiteElo "2677"]
[BlackElo "2502"]
[Annotator "Gofshtein,L"]
[PlyCount "73"]
[EventDate "2000.07.03"]
[EventType "swiss"]
[EventRounds "11"]
[EventCountry "ITA"]
[SourceTitle "CBM 078"]
[Source "ChessBase"]
[SourceDate "2000.10.18"]
[SourceVersion "1"]
[SourceVersionDate "2000.10.18"]
[SourceQuality "1"]

{[%mdl 4132]} 1. e4 c5 2. Nf3 d6 3. d4 cxd4 4. Nxd4 Nf6 5. Nc3 Nc6 6. Bg5 e6 7.
Qd3 {[%cal Rd3g3,Yd3e4] Unusual move, with purpose to transfer the queen to
the kingside.Another aim is protect pawn-e4. Common move is 7.Qd2.} Be7 8.
O-O-O O-O 9. h4 Nxd4 10. Qxd4 Qa5 11. f3 $5 {Another  possibilities are:} (11.
Qd2 a6 (11... Bd7 12. Kb1 Kh8 $13) 12. Kb1 Qc7 13. Bd3 b5 14. f4 Bb7 15. a3
Rac8 $132 {1-0 Enders,P-El Ghazali,Y/Budapest 1995/CBM 50 ext (41)}) (11. Kb1
Rd8 (11... h6 12. Bc1 Rd8 $132 {1-0 Arnason,J-Vaisser,A/Sochi 1988/TD (82)})
12. Qd2 Qc7 (12... Bd7 13. Bd3 Qc7 14. h5 Bc6 15. Rh3 b5 16. h6 g6 17. Qf4 $36
{1-0 Luther,T-Mossakowski,F/Bad Zwesten 1999/CBM 68 ext (31)}) 13. f4 a6 14.
Bd3 b5 15. a3 (15. Qe2 $5) 15... Rb8 16. e5 dxe5 17. fxe5 Nd5 (17... Qxe5 $4
18. Bf4 $18) 18. Nxd5 Rxd5 19. Qf4 b4 $132 {0-1 Luther,T-Hracek,Z/Altensteig
1995/CBM 49/[Boensch,U] (38)}) (11. Be2 Bd7 12. Rd3 Bc6 13. Rg3 Kh8 14. f4 e5
15. Qe3 exf4 16. Bxf4 Qc5 $132 {1/2-1/2 Boudre,J-Verat,L/Clichy 1993/EXT 97 
(59)}) (11. Bd2 Qc7 12. h5 h6 13. f3 e5 14. Qg1 Be6 $132 {1-0 Geiser,L-Georges,
S/SWZ 1995/CBM 49 ext (41)}) (11. Bc4 Bd7 12. Bb3 h6 13. f4 hxg5 14. hxg5 Ng4
15. Rh5 f6 16. Nd5 Qd8 17. g6 Nh6 18. f5 Re8 19. Rdh1 Bf8 20. Rxh6 gxh6 21.
Nxf6+ Kh8 22. Nxe8+ {1-0 Enders,P-Rossmann,H/Salzwedel 1982/MCL (22)}) 11... a6
(11... Bd7 12. Bd2 Qe5 13. Qe3 Rfc8 14. g4 Qc5 15. Qxc5 Rxc5 16. Be3 $14 {
1/2-1/2 Arnason,J-Gurevich,D/Beersheba 1987/CBM 05 (27)}) 12. Bd2 $5 {
Profilactical move against black counterplay on the queenside, which prepares
pawn attack on the king side.} (12. Kb1 b5 13. g4 b4 14. Ne2 e5 15. Qf2 Be6
$132 {0-1 Najera de Miguel,P-Castellano,J/Las Palmas 1995/EXT 98 (28)}) 12...
Qc5 (12... Qc7 13. g4 $40) 13. Qxc5 dxc5 14. h5 $16 {After trade of queens,
white has serios advantage.} h6 {Preventing h5-h6.} 15. a4 $5 {[%cal Ya4b5,
Yf1b5] It prevents the counterplay of black on the queenside .} b6 16. Bf4 $5 {
[%cal Yf4b8] takes control over diagonal h2-b8.} Rd8 17. Bd3 {After this move,
black gets serious counterplay. Better for white was to play17.Rd8 Bd8 18.Bc4,
preventing b6-b5.} b5 $5 18. axb5 axb5 19. Bxb5 Ra1+ 20. Nb1 Rxd1+ 21. Rxd1
Nxh5 $132 22. Be3 f5 (22... g5 $5) 23. e5 (23. Bd7 $5 {probably,better 23.
Bd7with clear advantage for white} Bxd7 24. Rxd7 Bg5 (24... Kf8 25. exf5 exf5
26. Rd5 f4 27. Bxc5 $16) 25. Bxg5 hxg5 26. exf5 exf5 27. Rd5 Nf4 28. Rxc5 Ne2+
29. Kd2 Rxb1 30. Kxe2 Rxb2 31. Kd3 $16) 23... f4 (23... Kf7 $5) 24. Bf2 Ng3 25.
c3 (25. b3 $5) 25... Kf7 26. Kc2 Nf5 $2 {Black is losing time.  26...g5 gave
black good counterplay.} (26... g5 27. Nd2 (27. Bc4 h5) (27. Bxg3 fxg3 28. Rh1
g4 29. fxg4 Bb7) 27... Rxd1 28. Kxd1 Bb7 $132) 27. Nd2 Rxd1 28. Kxd1 Nh4 (28...
Bb7 29. Nb3 $16) 29. Ne4 Nf5 (29... Nxg2 30. Nd6+ $1 Bxd6 31. exd6 Ne3+ 32.
Bxe3 fxe3 33. d7 Bxd7 34. Bxd7 $18) 30. Nxc5 $18 g5 31. b4 h5 32. Bc6 {[%cal
Yb4b7]} Bd8 33. Ne4 Bc7 34. Nxg5+ Kg6 35. Ne4 Bxe5 36. b5 Ne7 37. Be8+ 1-0

[Event "NED-ch53"]
[Site "Rotterdam"]
[Date "1998.06.26"]
[Round "5"]
[White "Van der Weide, Karel"]
[Black "Sosonko, Gennadi"]
[Result "0-1"]
[WhiteElo "2450"]
[BlackElo "2520"]
[Annotator "Gofshtein,L"]
[PlyCount "132"]
[EventDate "1998.06.21"]
[EventType "tourn"]
[EventRounds "11"]
[EventCountry "NED"]
[EventCategory "12"]
[SourceTitle "CBM 066"]
[Source "ChessBase"]
[SourceDate "1998.09.30"]
[SourceVersion "1"]
[SourceVersionDate "1998.09.30"]
[SourceQuality "1"]

1. e4 {Tyomkin,D} c5 2. Nf3 d6 3. d4 cxd4 4. Nxd4 Nf6 5. Nc3 Nc6 6. Bg5 e6 7.
Qd2 Be7 8. O-O-O Nxd4 9. Qxd4 O-O 10. f3 Bd7 11. h4 $146 (11. g4 Bc6 12. Be2 d5
13. e5 Nd7 14. Bxe7 Qxe7 15. h4 f6 16. exf6 Qxf6 17. g5 Qf4+ $15 {Meng
Yan-Nickoloff,B/Toronto op 1995/0-1(34)}) (11. Bc4 Bc6 12. h4 Qa5 13. Bb3 Rfd8
14. Kb1 b5 (14... Qc7 15. g4 b5 16. h5 b4 17. Bxf6 Bxf6 18. Qxb4 a5 19. Qc4 Qb7
$44 {Liu Wenzhe-Williams,A/Malta olm 1980/0-1 (80)}) 15. e5 dxe5 16. Qxe5 Qb6
17. Bf4 b4 18. Be3 Qb7 19. Na4 Bxa4 {1/2-1/2 Relange,E-Sosonko,G/Cannes mT 1996
}) 11... Bc6 12. Kb1 Qa5 13. Qd2 {[%cal Rc3d5]} Qc7 (13... b5 $4 14. Nd5 $18)
14. Bd3 Rfd8 15. h5 d5 16. e5 {[%tqu "En","","","","f6e4","",10,"c7e5","",0]}
Ne4 $1 (16... Qxe5 $4 17. Bf4 Qd4 18. Bxh7+ $18) 17. fxe4 dxe4 18. h6 g6 19.
Qf4 $2 (19. Bxe7 Qxe7 20. Nxe4 Bxe4 21. Qe3 Bxd3 22. Rxd3 Rxd3 23. Qxd3 Rd8 $15
) 19... exd3 20. cxd3 f5 $1 $17 {[%csl Rc3,Rd3,Re5,Rg2] <->e} 21. Rhg1 Bxg5 22.
Qxg5 Rd4 23. g4 Rf8 24. Qe3 Rxg4 25. Rxg4 fxg4 26. Rg1 Rf5 27. d4 Qf7 28. a4 (
28. Rxg4 $2 Rf1+ 29. Kc2 Qf5+ $19) 28... Rf3 29. Qe2 g3 30. d5 exd5 31. e6 Qf5+
32. Ka2 d4 33. Rd1 d3 (33... Rxc3 $2 34. bxc3 Bf3 35. Rxd4 Bxe2 36. Rd8+ Qf8
37. e7) 34. Qe1 g2 35. e7 Be8 (35... Qf7+ $142 36. Kb1 Rf1 37. Qe3 Bxa4 $19)
36. Qg1 Qf7+ 37. Ka1 Qxe7 $6 $138 (37... Rf2 $142 {keeping g-pawn}) 38. Qxg2
Bc6 39. Qg4 Qd7 40. Qc4+ Qf7 41. Qd4 a6 42. Rxd3 Rf1+ 43. Rd1 Rxd1+ 44. Qxd1
Qf6 45. Nd5 Qh4 46. b3 Kf7 $6 (46... Qg5 $1 47. Nc3 Qxh6 {was winning
immediatly}) 47. Qf1+ Ke6 48. Nf4+ Ke5 $1 49. Nd3+ Kd4 $1 50. Nb4 Kc3 $1 51.
Nxc6 bxc6 52. Qf3+ Kb4 53. Kb2 Qd4+ 54. Kc2 Qc5+ 55. Kb2 Qe5+ 56. Ka2 Qh2+ 57.
Kb1 Qd2 58. a5 (58. Qxc6 Kxb3 59. Qe6+ Ka3 $19) 58... c5 59. Qe4+ Kxb3 60. Qf3+
Qc3 61. Qf7+ c4 62. Qb7+ Ka3 63. Qg7 Qb3+ 64. Kc1 c3 65. Qe7+ Ka2 66. Qxh7 Qb1#
0-1

[Event "Olympiad-36"]
[Site "Mallorca"]
[Date "2004.10.15"]
[Round "1"]
[White "Van den Doel, Erik"]
[Black "Dukaczewski, Piotr"]
[Result "1-0"]
[WhiteElo "2560"]
[BlackElo "2366"]
[Annotator "Gofshtein,L"]
[PlyCount "93"]
[EventDate "2004.10.15"]
[EventType "team-swiss"]
[EventRounds "14"]
[EventCountry "ESP"]
[SourceTitle "CBM 104"]
[Source "ChessBase"]
[SourceDate "2005.01.27"]
[SourceVersion "1"]
[SourceVersionDate "2005.01.27"]
[SourceQuality "1"]
[WhiteTeam "Netherlands"]
[BlackTeam "IBCA"]
[WhiteTeamCountry "NED"]

{[%mdl 4]} 1. e4 c5 2. Nf3 Nc6 3. d4 cxd4 4. Nxd4 Nf6 5. Nc3 d6 6. Bg5 e6 7.
Qd2 Be7 8. O-O-O O-O 9. Nb3 Qb6 10. f3 Rd8 11. Nb5 $5 {As it is well known
this strong move disturbs the coordination of the black pieces. Besides it
white has other options, for example: 11.h4, 11.Kb1 or 11.Be3.} Rd7 (11... a6
$4 12. Be3 $18) 12. Qe1 Qd8 (12... a6 $142 13. N5d4 $5 {The idea of this move
is to retain Bg5 to more active position than e3-square.} ({In my opinion, it
is not so easy for Black to equalize also after} 13. Be3 $5 Qd8 14. N5d4 Nxd4 (
14... Bf8 15. g4 e5 16. Nf5 $36) 15. Bxd4 (15. Nxd4 Qc7 16. g4 d5 $132) 15...
e5 16. Bc3 d5 17. Bxe5 dxe4 18. Rxd7 Nxd7 (18... Bxd7 19. fxe4 a5 20. Kb1 a4
21. Nc1 a3 22. b3 Ng4 23. Bc3 Qc7 24. Bd4 $14 {0-1 Huebner,Robert-Piket,Jeroen/
Lugano op (7) ;TD 1989 (40)}) 19. Qxe4 Nxe5 20. Qxe5 Bd6 (20... Bf6 21. Qe4 Be6
22. Bc4 Bxc4 23. Qxc4 $16 {1-0 Lau,Ralf-Fedorowicz,John P/Hoogovens-B Wijk aan
Zee ;CBM 12 1989 (51)}) 21. Qd4 Bf5 22. g3 Qc7 23. Bd3 Be6 24. Kb1 $14 {
Huebner,Robert-Reeh,Oliver/Bundesliga 8889 ;GER-chT 1989/1/2-1/2 (75)}) 13...
Nd5 $5 (13... Qc7 14. h4 Ne5 15. Kb1 b5 16. g4 d5 17. Bxf6 Bxf6 (17... gxf6 $6
18. f4 Ng6 19. f5 $16 {1-0 Anand,V-Avrukh,B/Wydra mem rapidplay 2000 (31)}) 18.
exd5 Rxd5 19. g5) 14. h4 Ndb4 15. a3 Nxd4 16. Nxd4 Nc6 17. Nxc6 Qxc6 18. Qg3
$14) ({White must be ready for:} 12... Nxe4 $6 13. Bxe7 (13. Be3 Nc5 $17) 13...
Nf2 14. Bg5 $1 Nxd1 15. Qxd1 $16) 13. h4 $5 {White starts a typical attack on
the kingside. 13.g4 or 13.Kb1 leads to similar positions.} (13. Kb1 a6 14. N5d4
Bf8 15. g4 h6 16. Bc1 e5 17. Nf5 $36 {1-0 Zhigalko,A-Melnikova,Y/Pardubice CZE
2004/The Week in Chess 508 (28)}) 13... a6 {13...a5 deserves a serious
attention as the next given below shows black gets counterplay.} (13... a5 $5
14. a4 (14. g4 a4 15. Nd2 $14) 14... e5 $5 15. g3 Ne8 16. Be3 d5 17. Bh3 d4 18.
Bd2 Nb4 19. Kb1 Qb6 20. Bxd7 Bxd7 21. c3 Bxb5 22. axb5 Qxb5 $44 {... 1/2-1/2
Nunn,J-Pelletier,Y/Germany 1999/EXT 2000 (60)}) (13... b6 14. Kb1 Bb7 15. g4
Ne5 16. N5d4 Rc8 17. Bxf6 Bxf6 18. g5 Be7 19. Bh3 Qc7 20. f4 Ng6 21. f5 $36 {
1-0 Van den Doel,E-Van der Weide,K/Cappelle la Grande 2001/CBM 80 ext (34)})
14. N5d4 Qc7 {14...Rc7 also allows white a serious initiative.} (14... Rc7 15.
Kb1 Nxd4 16. Nxd4 b5 17. Bd2 Qe8 18. g4 Nd7 19. g5 Nc5 20. h5 $36 {1-0
Kutuzovic,B-Licina,A/Ljubljana 2002/CBM 88 ext (33)}) 15. g4 Nxd4 (15... b5 16.
Nxc6 Qxc6 17. Nd4 Qc7 18. Kb1 Bb7 19. Bc1 Rc8 20. Rh2 Ne8 21. g5 e5 22. Nf5 Bf8
$16 {0-1 Jamrich,G-Dembo,Y/Budapest 2001/CBM 81 ext (39)}) 16. Nxd4 b5 17. Bd2
{White brings back the bishop preparing a g4-g5 advance from one side and also
Ba5 from another.} e5 $6 {17...Bb7 deserved attention, preparing d6-d5.} (17...
Bb7 $5) 18. Ba5 $1 {White disccordinates the black pieces.} Qc5 (18... Qb7 19.
Nf5 Bd8 20. Rxd6 $16) 19. b4 $1 {Forcing black to go back to a7 and winning a
pawn by force.} Qa7 20. Nc6 Qb7 21. Nxe7+ Rxe7 22. Rxd6 Be6 23. Qc3 {Bringing
the queen to a more active position.} Rc8 24. Rd8+ Re8 {In case of 24...Rd8
white has a clear advantage.} (24... Rxd8 25. Bxd8 Rd7 26. Bxf6 gxf6 27. g5 $16
) 25. Rxe8+ Nxe8 26. Qxe5 {White grabs a central pawn, his queen also takes an
important central square.} Bxa2 27. g5 {[%cal Rg5f6] This way white assures
the strong position of his queen on e5 and discourages f7-f6.} Qc6 {[%cal
Rc6c2]} 28. Rh2 {[%csl Gc2]} Nd6 (28... Bc4 29. Bh3 Be6 30. Bxe6 fxe6 31. Rd2
$16) 29. h5 {[%cal Yh5h6]} Nc4 30. Bxc4 Bxc4 31. Rd2 {[%cal Rd2d6] White
brings the rook to an active position. 31.h6 deserved attention.} (31. h6 $5
Qg6 (31... f6 32. Qe7 Bf7 33. g6 $18) (31... gxh6 32. gxh6 Qg6 33. Bb6 f6 34.
Qd6 $36) 32. hxg7 Qxg7 33. Qxg7+ Kxg7 34. Bb6) 31... h6 {31...f6 deserved
attention with chances for a draw.} (31... f6 $5 32. gxf6 Qxf6 33. Qxf6 gxf6
34. Rd6 Be2 35. Rxf6 Rf8 36. Rxa6 Bxf3) 32. Rd6 Qe8 {Black would like to trade
queens as in the opposite-coloured bishops endgames he has chances for a draw
despite his lack of material.} 33. Qxe8+ {It eas stronger to keep the queens
on board as white's pieces are very active.} (33. Qf4 $1 hxg5 34. Qxg5 Bb3 (
34... Qf8 35. e5 Bb3 36. c3 Be6 37. Kb2 Kh7 38. f4 $36) 35. h6 g6 36. Kb2 $1
Bxc2 37. Qf6 Qf8 38. Rd7) 33... Rxe8 {[%mdl 4096]} 34. gxh6 gxh6 35. Rxa6 (35.
Rxh6 Re6 $1 36. Rxe6 fxe6 37. Kd2 Kg7 38. Ke3 Kh6 39. f4 Kxh5 40. f5 exf5 41.
exf5 Kg5 42. Ke4 Kf6 $11) 35... Re6 $6 {35...Be2 or 35...f5 deserved attention
with chances for a draw.} (35... Be2 $5 36. Rf6 Re5 37. Kd2 Kg7 38. Rf4 Bc4 39.
Rh4 f6) (35... f5 $5 36. exf5 Re5 37. Rg6+ Kh7 38. Bd8 Rxf5 39. Bf6 Rxf3) 36.
Ra8+ Kg7 37. Bc7 $1 {[%cal Ra8a3,Rc7e5] White transfers the bishop to a better
position. On the one hand white takes control of the e5 square, from the other
the rook can now defend the f3 pawn.} Be2 38. Ra3 Re7 39. Bd6 Rd7 40. e5 f6 {
Black tries to act actively as in case if white consolidates his position his
extra material will win the game.} 41. Re3 Bc4 42. f4 Bf7 43. Rg3+ $1 {White
wins by force in all variations.} Kh7 (43... Kh8 44. Bf8 fxe5 45. fxe5 Bxh5 46.
e6 Rd8 47. Bxh6 $18) 44. exf6 Bxh5 (44... Rxd6 45. Rg7+ Kh8 46. Rxf7 Kg8 (46...
Rd4 47. Rf8+ Kh7 48. Rb8 Rxf4 49. Rxb5 $18) 47. Rc7 Rxf6 48. Rc5 Rxf4 49. c3
$18) 45. Be7 $1 Rd5 46. Rg7+ Kh8 47. f7 1-0

[Event "Belfort Comtois 4th"]
[Site "Belfort"]
[Date "1999.12.15"]
[Round "3"]
[White "Bologan, Viktor"]
[Black "Zvjaginsev, Vadim"]
[Result "1-0"]
[WhiteElo "2620"]
[BlackElo "2652"]
[Annotator "Gofshtein,L"]
[PlyCount "77"]
[EventDate "1999.12.13"]
[EventType "tourn"]
[EventRounds "6"]
[EventCountry "FRA"]
[EventCategory "15"]
[SourceTitle "CBM 075"]
[Source "ChessBase"]
[SourceDate "2000.04.05"]
[SourceVersion "1"]
[SourceVersionDate "2000.04.05"]
[SourceQuality "1"]

1. e4 c5 2. Nf3 d6 3. d4 cxd4 4. Nxd4 Nf6 5. Nc3 Nc6 6. Bg5 e6 7. Qd2 Be7 8.
O-O-O O-O 9. f3 a6 10. h4 $5 (10. g4 d5 11. exd5 Nxd5 12. Bxe7 Ncxe7 13. f4 Qa5
$132 {0-1 Rasik,V-Epishin,V/CZE-chT9495 1995/EXT 97 (44)}) 10... Nxd4 {good
counterplay gave 10...Qc7 how show practice} (10... Qc7 $5 11. h5 (11. g4 Rd8 (
11... b5 12. Nxc6 Qxc6 13. Bd3 Bb7 $6 (13... b4 $5 $132) 14. Kb1 Qc7 15. h5 $36
{1-0 Wengenroth,W-Roos,T/Neuwied 1993/GER (35)}) 12. Kb1 (12. Be2 b5 13. a3 Bb7
14. Nf5 exf5 15. Bxf6 Bxf6 16. Nd5 Qd7 17. gxf5 $15 {Damjanovic,M-Ligterink,G/
Graz 1979/1/2-1/2(41)}) 12... Rb8 13. Be3 Nxd4 14. Bxd4 b5 15. g5 Nd7 16. Qg2
b4 17. Ne2 e5 18. Be3 Nc5 19. Nc1 Be6 20. h5 Na4 $132 {Tringov,G-Popovic,P/
Stara Pazova 1988/0-1(42)}) 11... h6 12. Be3 Nxd4 13. Bxd4 Rd8 14. g4 e5 15.
Be3 d5 $1 $15 {Peptan,C-Roos,T/Berliner Sommer 1997/1/2-1/2(32)}) (10... Bd7
11. Nxc6 Bxc6 12. Ne2 Rc8 13. Nd4 Bd7 14. g4 Qc7 15. Kb1 Rfd8 16. Bd3 Be8 17.
h5 $14 {Mazi,L-Aseev,K/Wuerzburg op 1992/1-0(30)}) 11. Qxd4 b5 (11... Qc7 $146
12. Kb1 b5 13. g4 Rd8 14. h5 {[%cal Rh5h6]} h6 15. Bh4 b4 $1 16. Ne2 (16. Qxb4
$2 d5 17. Qa4 Rb8 $17 {[%cal Rc7c3,Rb8b4]}) 16... Bb7 $6 (16... e5 $142 17. Qe3
(17. Qd2 d5 18. Bxf6 Bxf6 19. exd5 Bb7 20. d6 Qb6 $15) (17. Qg1 d5 18. g5 hxg5
19. Qxg5 {-17.Qe3}) 17... Nh7 $1 18. Bf2 d5 $132) 17. Nc1 (17. g5 hxg5 18. Bxg5
Qc5 19. Qxc5 (19. Qd2 $2 Nxe4 $1) 19... dxc5 $11) 17... Rac8 (17... e5 18. Qc4
$1) 18. Bd3 Qc5 $132 {1/2-1/2 Herrera,I-Garcia Ilundain,D/Villa Clara 1998/CBM
66} (18... e5 {[%cal Gd6d5]} 19. Qg1 $1 d5 20. g5 $40)) (11... Qa5 $5 12. Kb1 (
12. Bd2 Qc5 13. Qxc5 dxc5 14. Bg5 h6 15. Bxf6 gxf6 16. Na4 b5 $11 {Kostic,
V-Campos Moreno,J/Valjevo 1984/0-1(57)}) 12... b5 13. Qd2 b4 14. Ne2 e5 $5 {
same idea  bishop cross to e6} 15. Nc1 Be6 $132 {Tringov-Kupreichik, Plovdiv
1980}) 12. Kb1 (12. g4 Bb7 (12... Qa5 $5) 13. Qf2 b4 14. Na4 Bc6 15. Nb6 Rb8
16. Nc4 d5 17. Bf4 Rb7 $13 {Zapata-Hernandez, Cali zt 1990}) 12... Bb7 {
also was possible 12...Qa5 with idea 13...b414.Ne2 e5 15.Qd2 Be6 with good
counterplay} 13. Qd2 Rc8 14. Bd3 Nd7 (14... b4 $5 15. Ne2 a5) 15. a3 Nb6 16.
Ne2 f6 {Black avoid changing of bishops} (16... Qc7) 17. Be3 Nc4 $5 (17... Na4
$5) 18. Bxc4 Rxc4 19. Nd4 Qd7 $6 {19...Qc8,and in following d6-d5 open
position look better} (19... Qc8 $5 20. Nb3 Ba8 21. Na5 Rc7) 20. Nb3 Ba8 21.
Nc5 Qc8 22. Nd3 Qb7 $6 {It was necessary d6-d5 with good counterplay,and now
after Nf4 black miss this chance,and had passive position} (22... d5 $5 23.
exd5 Bxd5 24. Nf4 Rd8 $15) 23. b3 Rcc8 24. Nf4 {[%csl Re6][%cal Rf4e6]} Qd7 25.
h5 $14 Rf7 26. Kb2 f5 $2 27. e5 $1 $16 {After this move,white has serios
advantage,becouse black bishop in a8 is very bad, and white blocade the center}
Qc6 28. Nd3 {[%csl Re5][%cal Rd3e5]} Qd5 29. Bf4 {[%cal Rf4e5,Rd3e5]} dxe5 $6 (
29... Bf8 $5 {with idea Rfc7}) 30. Bxe5 Bf6 31. Qe3 Rfc7 {[%cal Rc7c2]} 32. Rd2
Rc3 (32... Bxe5+ $5 33. Nxe5 Qc5 34. Qxc5 Rxc5 {white is better, but it is not
so simple}) 33. Re1 Qxe5 $2 {Last mistake,still 33...Bxe5 34.Qxe5 Qxe5 black
can play} 34. Nxe5 Rxe3 35. Rxe3 Be4 (35... Bg5 36. Rc3 Rxc3 37. Kxc3 Bxd2+ 38.
Kxd2 Kf8 39. Ke3 Ke7 40. Kd4 Kd6 41. c4 bxc4 42. bxc4 $18) 36. f4 $1 $18 (36.
fxe4 $2 Bxe5+ 37. c3 Bf4 $132) 36... Rc5 37. Rc3 Rxe5 38. Rc8+ Kf7 39. Rd7+ 1-0